Quick Pick: American Olympic Years Quiz Stats

 Plays Quiz Updated Dec 16, 2019

Support Sporcle.
Go Orange.
Score 0/7 Timer 01:00
0 Plays Today
% Correct
1996
86.9%
1984
80.2%
2002
70.4%
1904
66.9%
1980
65%
1932
63.8%
1960
59.5%

Today's Daily Dose

You're not logged in!

Compare scores with friends on all Sporcle quizzes.
OR
Log In

From the Vault

NFL or MLB Hall of Fame?

by mvheald

We too have a super long hallway labeled "fame." It's just a lot of pictures of our dogs.
Remove Ads.
Support Sporcle.
Get the best of Sporcle when you Go Orange. This ad-free experience offers more features, more stats, and more fun while also helping to support Sporcle. Thank you for becoming a member.

Show Comments

Extras

Top Quizzes Today


Score Distribution

Your Account Isn't Verified!

In order to create a playlist on Sporcle, you need to verify the email address you used during registration. Go to your Sporcle Settings to finish the process.

Report this User

Report this user for behavior that violates our Community Guidelines.

Details: